000 01593nam a2200445 c 4500
001 22290
003 ES-MaCES
005 20180131142519.0
008 090727s2009 sz t i100 | spa d
020 _a9789223206543
035 _aCES20090007715m
040 _aES-MaCES
_bspa
_cES-MaCES
111 2 _aConferencia Internacional del Trabajo
_eReunión
_n98ª
_d2009
_cGinebra
_91066
245 1 3 _aLa igualdad de género como eje del trabajo decente
_b: sexto punto del orden del día : informe VI
_cConferencia Internacional del Trabajo, 98ª Reunión, 2008
250 _a1ª ed
260 _aGinebra
_bOficina Internacional del Trabajo
_c2009
300 _aXII, 268 p.
_c30 cm
541 _cSuscripción conjunta
650 4 _amujeres
_928657
650 4 _atrabajadora
_928413
650 4 _adiscriminación por razones de sexo
_929521
650 4 _aigualdad de oportunidades
_927183
650 4 _aigualdad de oportunidades en el empleo
_930649
650 4 _aprotección social
_929076
650 4 _aderechos de la mujer
_927173
650 4 _amaternidad
_929512
650 4 _ainfancia
_928518
650 4 _ajuventud
_928522
650 4 _apersonas de edad avanzada
_928521
650 4 _apaís desarrollado
_927091
650 4 _apaís en desarrollo
_927092
650 4 _apapel de la OIT
_929112
653 1 0 _aMujer
650 4 _930664
_aconcertación social
787 0 _tGender equality and decent work
710 2 _94718
_aOrganización Internacional del Trabajo
_eed.
902 _aLIB Libro
942 _2CES
_cBK
_h3.3.
999 _c22290
_d22290